De la Définition au Mot - Click Quiz - Statistiques

Statistiques générales
  • Ce quiz a été pris 19 fois
  • Le résultat moyen est 10 sur 20
Statistiques - réponses
Hint Réponse % Correct
Incision dans la paroi abdominale pour extraire l'enfant de l'utérus de la mère Césarienne
94%
Paix qui résulte de la bonne entente Concorde
81%
Action de tirer un bateau à l'aide d'un cordage Halage
69%
Défaut de conception ou de réalisation d'un programme informatique Bogue
63%
Qui a de belles fesses Callipyge
63%
Pelle servant à évacuer l'eau d'un bateau Écope
63%
Contour harmonieux Galbe
63%
Champignon basidiomycète dont la partie fertile du
sporophore est externe
Hyménomycète
63%
Plante potagère cultivée pour sa racine comestible Rave
56%
Jeune femme élégante et facile Lorette
50%
Relatif au soir Vespéral
50%
Tronc d'arbre encore recouvert de son écorce Grume
44%
Coffre de voyage au couvercle bombé Bahut
38%
Excrément fossile Coprolithe
38%
Partie supérieure d'une porte ou d'une fenêtre Imposte
38%
Juif d'Espagne ou du Portugal converti au christianisme par contrainte Marrane
31%
Musaraigne d'Europe Méridionale Pachyure
31%
Qui est entouré d'un rang de colonnes isolées du mur Périptère
31%
Partie du corps allant de la ceinture aux genoux (pour une personne assise) Giron
25%
Dé pouvant tourner comme une toupie Toton
19%
Aucun quiz correspondant
Distribution des résultats
% des personnes avec chaque résultat
Percentile par nombre de réponses
Votre historique - résultats
Vous n’avez pas pris ce quiz